Municipios de Sevilla - Estadísticas

Estadísticas generales
  • Esta prueba ha sido intentada 4.517 veces
  • La puntuación promedio es 36 de 106
Estadísticas de respuestas
Población Municipio % Correcto
133.968 Dos Hermanas
90%
688.592 Sevilla
88%
75.279 Alcalá de Guadaíra
78%
12.029 Alcalá del Río
78%
23.550 Mairena del Alcor
76%
46.089 Mairena del Aljarafe
76%
50.728 Utrera
71%
27.509 Camas
68%
28.531 Carmona
64%
39.873 Écija
64%
30.777 Coria del Río
62%
38.354 Los Palacios y Villafranca
61%
21.416 San Juan de Aznalfarache
61%
11.868 La Puebla del Río
60%
25.359 Tomares
59%
17.560 Osuna
58%
21.972 Bormujos
55%
18.662 Lora del Río
53%
2.821 Castilleja de Guzmán
51%
17.418 Castilleja de la Cuesta
51%
629 Castilleja del Campo
51%
13.420 Gines
51%
38.628 La Rinconada
50%
12.505 Estepa
49%
27.524 Lebrija
48%
10.787 Bollullos de la Mitación
47%
6.610 Villanueva del Ariscal
47%
27.627 Morón de la Frontera
46%
12.471 Brenes
45%
4.718 Cazalla de la Sierra
45%
10.979 La Puebla de Cazalla
45%
19.457 Marchena
44%
8.554 Santiponce
44%
13.974 Pilas
43%
13.808 Sanlúcar la Mayor
43%
19.526 Arahal
42%
19.266 El Viso del Alcor
42%
16.417 Las Cabezas de San Juan
41%
12.788 Guillena
39%
16.374 La Algaba
37%
10.684 Cantillana
36%
5.896 Constantina
36%
15.791 Espartinas
36%
10.184 Gelves
36%
7.585 Gerena
35%
8.610 El Cuervo de Sevilla
34%
7.241 Benacazón
33%
8.894 Umbrete
32%
9.394 Olivares
31%
7.111 Fuentes de Andalucía
29%
4.586 Aznalcázar
28%
6.091 Aznalcóllar
27%
8.767 Palomares del Río
27%
5.530 Salteras
27%
7.751 Valencina de la Concepción
27%
7.818 Villaverde del Río
27%
2.018 El Pedroso
26%
6.908 Paradas
26%
9.501 Tocina-Los Rosales
26%
6.716 Burguillos
25%
5.276 La Campana
25%
3.015 Huévar del Aljarafe
24%
596 San Nicolás del Puerto
24%
4.459 Villamanrique de la Condesa
24%
1.723 Alanís de la Sierra
23%
3.727 Gilena
23%
5.456 Casariche
22%
4.746 El Coronil
22%
6.080 Almensilla
21%
2.544 Carrión de los Céspedes
21%
1.443 El Castillo de las Guardas
21%
2.020 Aguadulce
20%
3.408 El Rubio
20%
3.480 Los Molares
20%
5.194 Pedrera
20%
3.197 Albaida del Aljarafe
19%
4.864 Castilblanco de los Arroyos
19%
1.251 Coripe
19%
6.461 Herrera
19%
5.839 Isla Mayor
19%
2.627 Marinaleda
19%
7.056 Montellano
19%
2.603 Pruna
19%
2.627 Guadalcanal
18%
4.183 La Roda de Andalucía
18%
3.373 Alcolea del Río
17%
1.364 El Ronquillo
17%
3.814 La Lantejuela
17%
3.078 Badolatosa
16%
278 El Madroño
16%
4.824 El Saucejo
16%
1.355 Almadén de la Plata
15%
790 El Garrobo
15%
2.340 El Palmar de Troya
15%
4.576 La Luisiana
15%
3.941 Los Corrales
15%
2.704 Martín de la Jara
15%
1.255 Algámitas
14%
1.559 Las Navas de la Concepción
14%
862 Lora de Estepa
13%
3.656 Peñaflor
13%
4.858 Villanueva del Río y Minas
13%
3.320 Cañada Rosal
11%
2.991 La Puebla de los Infantes
11%
1.503 El Real de la Jara
10%
1.120 Villanueva de San Juan
7%
No se encontraron pruebas coincidentes
Distribución de puntuación
Porcentaje de gente con cada puntuación
Porcentaje por número respondido
Historial de tus puntuaciones
No has intentado esta prueba.